Ensilado de los forrajes verdes / (Record no. 36138)
[ view plain ]
| 000 -LEADER | |
|---|---|
| campo de control de longitud fija | 00745nam a2200193 i 4500 |
| 001 - NÚMERO DE CONTROL | |
| campo de control | 36138 |
| 003 - IDENTIFICADOR DE NÚMERO DE CONTROL | |
| campo de control | ES-MaACL |
| 007 - CAMPO FIJO DE DESCRIPCIÓN FÍSICA--INFORMACIÓN GENERAL | |
| campo de control de longitud fija | t| |
| 008 - DATOS DE LONGITUD FIJA--INFORMACIÓN GENERAL | |
| campo de control de longitud fija | 030217s1954 sp ||||1| spa d |
| 100 1# - ENTRADA PRINCIPAL--NOMBRE DE PERSONA | |
| Nombre de persona | Bretingniere, L. |
| 9 (RLIN) | 31623 |
| 245 10 - MENCIÓN DEL TÍTULO | |
| Título | Ensilado de los forrajes verdes / |
| Mención de responsabilidad, etc. | L. Bretingniere, J. Godfernaux y L. der Khatchadourian ; traducción del francés por Andrés Suárez y Suárez ; con un prólogo de Gaspar González y González. |
| 260 ## - PUBLICACIÓN, DISTRIBUCIÓN, ETC. | |
| Lugar de publicación, distribución, etc. | Madrid : |
| Nombre del editor, distribuidor, etc. | Aguilar, |
| Fecha de publicación, distribución, etc. | [1954] ( |
| Fabricante | Yagüe) |
| 300 ## - DESCRIPCIÓN FÍSICA | |
| Extensión | XXXV, 165 p. : |
| Otras características físicas | il. ; |
| Dimensiones | 19 cm. |
| 700 1# - ENTRADA AGREGADA--NOMBRE PERSONAL | |
| Nombre de persona | Godfernaux, J. |
| 9 (RLIN) | 57523 |
| 700 1# - ENTRADA AGREGADA--NOMBRE PERSONAL | |
| Nombre de persona | Khatchadourian, L. der. |
| 9 (RLIN) | 67988 |
| 700 1# - ENTRADA AGREGADA--NOMBRE PERSONAL | |
| Nombre de persona | Suárez y Suárez, Andrés. |
| 9 (RLIN) | 108667 |
| 700 1# - ENTRADA AGREGADA--NOMBRE PERSONAL | |
| Nombre de persona | González y González, Gaspar. |
| 9 (RLIN) | 59033 |
| 852 ## - LOCALIZACIÓN | |
| Ubicación | ES-MaACL |
| Número de control de estantería | C-8473 |
| Estatus retirado | Estado de pérdida | Estado de daño | No para préstamo | Biblioteca de origen | Biblioteca actual | Ubicación en estantería | Fecha de adquisición | Fuente de adquisición | Total de préstamos | Signatura topográfica completa | Código de barras | Visto por última vez | Precio de reemplazo | Tipo de ítem Koha |
|---|---|---|---|---|---|---|---|---|---|---|---|---|---|---|
| Biblioteca del Ateneo de Madrid | Biblioteca del Ateneo de Madrid | Sala Palomar | 17/01/2008 | C-8473 | 1037927 | 23/02/2023 | 23/02/2023 | Libro impreso |
